000
00371nam a2200157Ia 4500
003
GCL
008
140319s9999 xx 000 0 ara d
040
_a
GCL /
_c
GCL
082
0
4
_a
814
_b
م م
245
1
0
_a
مشاعر وافكار
300
_a
215 ص
490
_a
650
0
4
_a
الادب العربى
650
0
4
_a
المقالات العربية
942
_2
ddc
_c
BK
999
_c
38016
_d
38016